Report on economic census, Punjab (Record no. 504282)

000 -LEADER
fixed length control field 00462nam a22001457a 4500
005 - DATE AND TIME OF LATEST TRANSACTION
control field 20180809134424.0
008 - FIXED-LENGTH DATA ELEMENTS--GENERAL INFORMATION
fixed length control field 180809b ||||| |||| 00| 0 eng d
040 ## - CATALOGING SOURCE
Transcribing agency
082 ## - DEWEY DECIMAL CLASSIFICATION NUMBER
Classification number T19065x5433 E
100 ## - MAIN ENTRY--PERSONAL NAME
Personal name Punjab. The Economic Adviser to Government
9 (RLIN) 233
245 ## - TITLE STATEMENT
Title Report on economic census, Punjab
Remainder of title by The Economic Adviser to Government
260 ## - PUBLICATION, DISTRIBUTION, ETC. (IMPRINT)
Place of publication, distribution, etc Chandigarh
Name of publisher, distributor, etc The author
500 ## - GENERAL NOTE
General note Library has 1977, 1980 (provisional), 1980
942 ## - ADDED ENTRY ELEMENTS (KOHA)
Source of classification or shelving scheme
Item type GG
Holdings
Withdrawn status Lost status Source of classification or shelving scheme Damaged status Koha normalized classification for sorting Not for loan Permanent location Current location Date acquired Full call number Barcode Date last seen Price effective from Koha item type
        T_19065X5433_E   Indian Institute of Public Administration Indian Institute of Public Administration 2018-08-09 T19065x5433 E GG20696 2018-08-09 2018-08-09 GG

Powered by Koha